000 00867nas a2200289 4500
001 BR0303612
003 BR-BrBNA
005 20231205103923.0
007 ta
008 230509b bl.|||p| |||| 00| 00por d
040 _aBR-BrBNA
_bpor
_cBiblioteca Nacional de Agricultura
041 _a(Pt)
072 _aP33; P35
100 1 _aPierangeli, M.A.P.
100 1 _aGuilherme, L.R.G.
100 1 _aOliveira, L.R.
100 1 _aCuri, N.
100 1 _aSilva, M.L.N.
245 1 _aEfeito da força iônica de equilíbrio na adsorção de cadmio em latossolo brasileiro
650 _aSORÇÃO
650 _aLATOSSOLO
650 _aCONTAMINAÇÃO
650 _aPOLUENTE
773 0 _tPesquisa Agropecuária Brasileira (Brazil)
_xISSN 0100-204X
_g(Jun 2003), v. 38(6) p. 737-745
_wBR0303612
909 _a202311
_bLúcia
_c55
_dLúcia Elande
942 _2AGRIS
_n0
_cANA
999 _c175437
_d175437